Campañas de prevención en América Latina: las estrategias en fármacodependencia /

Se discute sobre la importancia del poder preventivo que pueden tener las campañas de comunicación tendientes a evitar el consumo de drogas, en especial aquellas que emplean diferentes medios para el logro de tal fin. Se ahonda en las dificultades que enfrentan estas campañas, las cuales van desde p...

Ful tanımlama

Kaydedildi:
Detaylı Bibliyografya
Yazar: Bejarano Orozco, Julio
Materyal Türü: Metin
Konular:
Etiketler: Etiketle
Etiket eklenmemiş, İlk siz ekleyin!

MARC

LEADER 00000 a a2200000 04500
001 15144
003
040
100 |a Bejarano Orozco, Julio  
245 |a Campañas de prevención en América Latina:   |b las estrategias en fármacodependencia /  |c Julio Bejarano Orozco 
520 |a Se discute sobre la importancia del poder preventivo que pueden tener las campañas de comunicación tendientes a evitar el consumo de drogas, en especial aquellas que emplean diferentes medios para el logro de tal fin. Se ahonda en las dificultades que enfrentan estas campañas, las cuales van desde problemas de orden conceptual en relación con el fenómeno de la droga hasta deficiencias en la calidad de las producciones, así como la ausencia de evaluaciones que permitan orientar y tomar decisiones correctas de acuerdo con objetivos fijados. Se procede a describir algunas campañas de salud relevantes en América Latina para, posteriormente, proceder a revisar aquellas que van directamente enfocadas al consumo indebido de drogas. Además, se analiza las características básicas de las estrategias en el campo de las drogas que ciertos países han desarrollado en la región. Se hace un señalamiento específico de experiencias concretas en México, Centroamérica como conjunto, Costa Rica, Colombia, Ecuador, Bolivia y Perú. Se formula una serie de recomendaciones a fin de enfrentar de mejor forma la farmacodependencia. REV//jmml  
650 |a DROGAS DE USO INDEBIDO  
650 |a PAISES EN DESARROLLO  
650 |a PROBLEMAS SOCIALES  
650 |a SALUD PUBLICA  
650 |a INVESTIGACION  
650 |a PUB.IIS  
773 |g número 73 -74; páginas 107-114  
999 |c 21872  |d 21872 
773 0 |0 18728  |9 3058  |a Universidad de Costa Rica  |d San José, Costa Rica Editorial UCR 1956-  |o 16956  |t Revista de Ciencias Sociales/  |x 04825276